Environmentalisté pro jadernou energii

Na minha lista:
Detalhes bibliográficos
Autor principal: Comby, Bruno (Author)
Formato: Livro
Idioma:tcheco
Publicado em: Praha : Pragma, 2007
Assuntos:
Acesso em linha:OBSAH
Tags: Adicionar Tag
Sem tags, seja o primeiro a adicionar uma tag!

MARC

LEADER 00000nam a22000003a 4500
001 stu142129
005 20150617225925.8
008 070606s2007----xr------------------cze-d
020 |a 978-80-7349-042-3 
040 |a STU  |b slo 
041 0 |a cze 
044 |a xr 
080 |a 504 
100 1 |a Comby, Bruno  |4 aut 
245 1 |a Environmentalisté pro jadernou energii 
260 |a Praha :  |b Pragma,  |c 2007 
300 |a 321 s 
650 7 |a Jadrová energetika  |2 stusub 
650 7 |a jadrová energia  |2 stusub 
650 7 |a environmentalistika  |2 stusub 
856 4 |a https://sweb.mtf.stuba.sk/obsahy/enviromentaliste_pro_jadernou_energii_07  |u https://sweb.mtf.stuba.sk/obsahy/enviromentaliste_pro_jadernou_energii_07  |3 OBSAH 
996 |b 284M076263  |c M*12132-2  |l MMKN  |s A  |a 24  |w stu142129_0001 
996 |b 284M076262  |c M*12132-1  |l MMST  |s A  |a 24  |w stu142129_0002